000
00271nam a22000857a 4500
008
160705b xxu||||| |||| 00| 0 eng d
100
_9
2285
_a
Morehead, P.D
245
_a
The New American Roget's College Thesaurus in Dictionary Form
260
_a
USA
_b
New American Library
_c
1985
999
_c
1967
_d
1967